Gaming Quiz

Random Gaming Quiz

Rail Baron Railroads Quiz Stats

 Plays Quiz not verified by Sporcle

Also try: Zelda Games
Challenge
Share
Tweet
Embed
Score 0/28 Timer 10:00
0 Plays Today
Years of Operation Railroad % Correct
1862 - PresentUnion Pacific
91.8%
1846 - 1968Pennsylvania
87.2%
1830 - 1986Baltimore and Ohio
86.7%
1831 - 1968New York Central
86.2%
1894 - 1982Southern Railway
85.7%
1865 - 1996Southern Pacific
84.7%
1890 - 1970Great Northern
80.6%
1864 - 1970Northern Pacific
78.1%
1869 - 1972Chesapeake and Ohio
75%
1838 - 1982Norfolk and Western
75%
1836 - 1991Richmond, Fredericksburg and Potomac
73.5%
1859 - 1996Atchison, Topeka and Santa Fe
73%
1903 - 1983Western Pacific
71.4%
1849 - 1982Missouri Pacific
68.9%
Years of Operation Railroad % Correct
1851 - 1999Illinois Central
68.9%
1840 - 1967Atlantic Coast Line
65.8%
1836 - 1983Boston and Maine
62.2%
1865 - 1995Chicago and North Western
61.2%
1852 - 1980Chicago, Rock Island and Pacific
60.2%
1880 - 1967Seaboard Air Line
59.2%
1850 - 1982Louisville and Nashville
58.7%
1871 - 1976Texas and Pacific
58.7%
1849 - 1970Chicago, Burlington and Quincy
55.6%
1938 - 1972Gulf, Mobile and Ohio
55.1%
1870 - 1988Denver and Rio Grande Western
54.6%
1872 - 1969New York, New Haven and Hartford
48.5%
1876 - 1980St. Louis & San Francisco
46.9%
1847 - 1985Chicago, Milwaukee, St. Paul and Pacific
41.3%

You're not logged in!

Compare scores with friends on all Sporcle quizzes.
OR
Log In

You Might Also Like...

Show Comments

Extras

Created Sep 30, 2011ReportNominate
Tags:baron, operation, rail, railroad

Top Quizzes Today


Score Distribution

Your Account Isn't Verified!

In order to create a playlist on Sporcle, you need to verify the email address you used during registration. Go to your Sporcle Settings to finish the process.

Report this User

Report this user for behavior that violates our Community Guidelines.

Details: